00342nam a2200133Ia 4500008004100000041000800041082001400049100001700063245002800080250001400108260004400122300003100166365001100197240624s9999 xx 000 0 und d aeng a658.8 SRI aSRINIVASAN R aINTERNATIONAL MARKETING a(2nd ed.) c2006aNew DelhibPrentice-Hall of India axii, : 231 : p. : cm. ; 23 cRSb36